| LEADER |
00852nam0a2200205 450 |
| 001 |
16842372 |
| 010 |
|
|
|a 979-10-363-4803-7
|d 10,5
|
| 100 |
|
|
|a 20230525d2023 u u0frey01 ba
|
| 101 |
0 |
|
|a fre
|
| 102 |
|
|
|a FR
|
| 200 |
0 |
|
|a A la bonne franquette!
|e A la bonne franquette !
|
| 207 |
|
1 |
|a
|
| 210 |
|
|
|a Toulouse
|c BD kids
|d 2023
|
| 215 |
|
|
|a 1 vol. (64 p.)
|d 21 cm
|
| 330 |
|
|
|a A l'heure du déjeuner, il ne faut pas paniquer,La Cantoche, c'est fastoche ! On retrouve les copains, on attrape un plateauQuel que soit le menu, c'est toujours du gâteau !Et si vraiment, ça ne va pas, bataille de petits pois !
|
| 461 |
|
0 |
|t La cantoche
|v 8
|
| 700 |
|
0 |
|a Nob
|c Illustrateur
|f 1973-....
|4 70
|
| 900 |
|
|
|a Bande Dessinée enfant ado
|
| 901 |
|
|
|a Accessible au prêt
|
| 995 |
|
|
|a Bibliothèque
|c Bibliothèque
|f 024023529
|h 024023529
|k BD NOB
|o p
|q j
|r az
|e Bibliothèque
|